|
|
|
|
| LEADER |
01855cas a2200253 a 4500 |
| 001 |
AALejournalIMF005689 |
| 008 |
230101c9999 xx r poo 0 0eng d |
| 020 |
|
|
|c 5.00 USD
|
| 020 |
|
|
|z 9781451872026
|
| 022 |
|
|
|a 1018-5941
|
| 040 |
|
|
|a BD-DhAAL
|c BD-DhAAL
|
| 100 |
1 |
|
|a Ong, Li.
|
| 245 |
1 |
0 |
|a Foreign Banks in the CESE Countries :
|b In for a Penny, in for a Pound? /
|c Li Ong, Andrea Maechler.
|
| 264 |
|
1 |
|a Washington, D.C. :
|b International Monetary Fund,
|c 2009.
|
| 300 |
|
|
|a 1 online resource (64 pages)
|
| 490 |
1 |
|
|a IMF Working Papers
|
| 500 |
|
|
|a <strong>Off-Campus Access:</strong> No User ID or Password Required
|
| 500 |
|
|
|a <strong>On-Campus Access:</strong> No User ID or Password Required
|
| 506 |
|
|
|a Electronic access restricted to authorized BRAC University faculty, staff and students
|
| 520 |
3 |
|
|a The aim of this paper is to construct a comprehensive and consistent dataset to analyze the potential risks from foreign bank lending, for both the creditor and borrower countries of Central, Eastern and South-Eastern Europe (CESE). We develop a picture of bank claims on 13 CESE countries by combining credit statistics from several sources. Our constructed data suggest that some of these host countries have become more at risk from a sudden withdrawal of short-term external funding, while home countries have significant aggregate exposures to the region. Overall, we find that data on banking activity remain largely inadequate for surveillance and policymaking purposes, and that a concerted effort to improve data collection is needed at the international level.
|
| 538 |
|
|
|a Mode of access: Internet
|
| 700 |
1 |
|
|a Maechler, Andrea.
|
| 830 |
|
0 |
|a IMF Working Papers; Working Paper ;
|v No. 2009/054
|
| 856 |
4 |
0 |
|z Full text available on IMF
|u http://elibrary.imf.org/view/journals/001/2009/054/001.2009.issue-054-en.xml
|z IMF e-Library
|